01353 2200409 4500001002100000005001500021035002000036007000300056008004100059020002200100040002200122082001400144084001600158090002200174100003000196245018400226250003100410300003000441650002000471700003000491700003200521700003300553700002400586700002700610700002500637700002800662700002500690700003000715700002700745850001200772264004100784336002100825337003000846338002300876999002200899990002200921INLIS00000000086476020210917090939 a0010-0921000510ta210917s2021 yoi g ind d a978-623-6600-96-2 aYOPDYOGbinderda04223a809.8 a809.8 AHM c aCB-D.11 2021-10860 aAhmad Hisyam Sepengarang10aCukup bagiku, Allah! /cAhmad Hisyam S, Ajar Anggriani, Desi Mayang Sari, Ika Pratiwi Addas, Irmayana, Khaerunnisa, Lia Mirna, Maysha Azure, Mukhlizah, Nurafni Kaswan, Nur Hastina aCetakan pertama, Juni 2021 avii, 140 halaman ;c21 cm 4aKisah kehidupan0 aAjar Anggrianiepengarang0 aDesi Mayang Sariepengarang0 aIka Pratiwi Addasepengarang0 aIrmayanaepengarang0 aKhaerunnisaepengarang0 aLia Mirnaepengarang0 aMaysha Azureepengarang0 aMukhlizahepengarang0 aNurafni Kaswanepengarang0 aNur Hastinaepengarang aYOPDYOG31aBantul :bLembaga Ladang Kata,c2021 2rdacontentateks 2rdamediaatanpa perantara 2rdacarrieravolume aCB-D.11/2021-1086 aCB-D.11/2021-1086